Constructing robot bases (Record no. 68812)

000 -LEADER
fixed length control field 00419nam a22001697a 4500
003 - CONTROL NUMBER IDENTIFIER
control field NUST - PNEC
005 - DATE AND TIME OF LATEST TRANSACTION
control field 20170116181102.0
008 - FIXED-LENGTH DATA ELEMENTS--GENERAL INFORMATION
fixed length control field 151003b xxu||||| |||| 00| 0 eng d
020 ## - INTERNATIONAL STANDARD BOOK NUMBER
International Standard Book Number 0071408525
040 ## - CATALOGING SOURCE
Transcribing agency LIBRARY
082 ## - DEWEY DECIMAL CLASSIFICATION NUMBER
Classification number 629.892 MCC
100 ## - MAIN ENTRY--PERSONAL NAME
9 (RLIN) 12450
Personal name McComb, Gordan
245 ## - TITLE STATEMENT
Title Constructing robot bases
Statement of responsibility, etc. Gordan McComb
260 ## - PUBLICATION, DISTRIBUTION, ETC.
Date of publication, distribution, etc. c.2004
650 ## - SUBJECT ADDED ENTRY--TOPICAL TERM
9 (RLIN) 12451
Topical term or geographic name entry element Robotics
General subdivision ME, EE
942 ## - ADDED ENTRY ELEMENTS (KOHA)
Source of classification or shelving scheme
Koha item type Book
Holdings
Withdrawn status Lost status Source of classification or shelving scheme Damaged status Not for loan Permanent Location Current Location Shelving location Date acquired Total Checkouts Full call number Barcode Date last seen Price effective from Koha item type
          Pakistan Navy Engineering College (PNEC) Pakistan Navy Engineering College (PNEC)       629.892 MCC PNECLIB-028198 10/03/2015   Book
© 2023 Central Library, National University of Sciences and Technology. All Rights Reserved.